000 00258nam a2200121Ia 4500
008 190216s9999||||xx |||||||||||||| ||und||
100 _aSharma
245 0 _aLogistic Management
260 _bPhi Learning
300 _a560
650 _aCommerce
942 _cBK
999 _c7313
_d7313